000 00586cam a2200229u 4500
001 9191523
005 20180109080354.0
007 cr_|||||||||||
008 830419s1877 nyua 000 1 eng
010 _a 21015620
040 _aDLC
_cCarP
_dDLC
041 _aeng
080 _a82 ROL
082 _a82 ROL
100 1 _a21
101 _aGJL
245 0 0 _aShakespeare's tragedy of Macbeth.
530 _aAlso available in digital form on the Internet Archive Web site.
740 0 _aMacbeth.
906 _a0
_bcbc
_cpremunv
_du
_encip
_f19
_gy-gencatlg
942 _2ddc
_cBK
999 _c39941
_d39941